[Event "Podlehnik 81/376"]
[Site "?"]
[Date "2001.??.??"]
[Round "?"]
[White "Atalik, S."]
[Black "Zheliandinov, V."]
[Result "1-0"]
[WhiteElo "2537"]
[BlackElo "2398"]
[PlyCount "49"]
[EventDate "2001.??.??"]
[Source "Chess Informant"]
[SourceDate "2001.02.01"]

1. d4 Nf6 2. c4 e6 3. Nf3 d5 4. Nc3 Be7 5. Bg5 O-O 6. e3 Nbd7 7. Rc1 c6 8. Bd3 dxc4 9. Bxc4 Nd5 10. Bxe7 Qxe7 11. Ne4 N5f6 12. Nxf6+ Qxf6 13. O-O e5 14. e4 exd4 15. Qxd4 Qxd4 16. Nxd4 Ne5 17. Bb3 Rd8 18. Rfd1 Bd7 19. f4 Ng6 20. f5 Ne5 21. Rc5 Ng4 22. h3 b6 23. Nxc6 Bxc6 24. Rxd8+ Rxd8 25. Rxc6 1-0

[Event "Linz Open"]
[Site "Linz AUT"]
[Date "1988.??.??"]
[Round "?"]
[White "Farago, Ivan"]
[Black "Raicevic, Vladimir"]
[Result "1/2-1/2"]
[WhiteElo "2475"]
[BlackElo "2455"]
[PlyCount "78"]
[EventDate "1988.??.??"]
[Source "www.chesslib.no"]
[SourceDate "2004.05.04"]

1. d4 e6 2. c4 Nf6 3. Nf3 d5 4. Nc3 Nbd7 5. Bg5 c6 6. e3 Be7 7. Rc1 O-O 8. Bd3 dxc4 9. Bxc4 Nd5 10. Bxe7 Qxe7 11. Ne4 b6 12. O-O Bb7 13. Ne5 N5f6 14. Ba6 Nxe5 15. Bxb7 Qxb7 16. Nxf6+ gxf6 17. dxe5 fxe5 18. Qf3 f6 19. Rxc6 Rac8 20. Qg4+ Kh8 21. Rxe6 Rg8 22. Qh3 Rxg2+ 23. Qxg2 Rg8 24. Qg3 Qf7 25. Rd6 h5 26. Rfd1 h4 27. Qg2 Rxg2+ 28. Kxg2 Qg6+ 29. Kf1 Kg7 30. h3 Qe4 31. Kg1 Qf3 32. Rc1 Qxh3 33. Rc7+ Kg6 34. Rcc6 Qf3 35. Rxf6+ Qxf6 36. Rxf6+ Kxf6 37. f3 b5 38. b4 Kg6 39. Kg2 Kf6 1/2-1/2

[Event "ARG Ch 60th"]
[Site "Buenos Aires ARG"]
[Date "1986.??.??"]
[Round "1"]
[White "Bronstein, Luis M"]
[Black "Campora, Daniel H"]
[Result "1/2-1/2"]
[WhiteElo "2400"]
[BlackElo "2530"]
[PlyCount "35"]
[EventDate "1986.??.??"]
[Source "www.chesslib.no"]
[SourceDate "2004.05.04"]

1. d4 d5 2. c4 e6 3. Nc3 Be7 4. Nf3 Nf6 5. Bg5 O-O 6. e3 Nbd7 7. Rc1 c6 8. Bd3 dxc4 9. Bxc4 Nd5 10. Bxe7 Qxe7 11. Ne4 e5 12. dxe5 Nxe5 13. Nxe5 Qxe5 14. Bxd5 cxd5 15. Nc3 Rd8 16. Qd4 Qg5 17. Ne2 Bd7 18. h4 1/2-1/2

[Event "BUL Ch"]
[Site "Sofia BUL"]
[Date "1985.??.??"]
[Round "1"]
[White "Donchev, Dimitar I"]
[Black "Inkiov, Ventzislav V"]
[Result "1-0"]
[WhiteElo "2450"]
[BlackElo "2480"]
[PlyCount "115"]
[EventDate "1985.??.??"]
[Source "www.chesslib.no"]
[SourceDate "2004.05.04"]

1. d4 Nf6 2. c4 e6 3. Nf3 d5 4. Nc3 Be7 5. Bg5 O-O 6. e3 Nbd7 7. Rc1 c6 8. Bd3 dxc4 9. Bxc4 Nd5 10. Bxe7 Qxe7 11. Ne4 Qb4+ 12. Qd2 Qxd2+ 13. Kxd2 Rd8 14. Rhd1 Kf8 15. Bb3 Ke7 16. a3 N5f6 17. Nxf6 Nxf6 18. Ke2 Bd7 19. Ne5 Be8 20. f3 Rac8 21. e4 Nd7 22. Nd3 b6 23. Rd2 c5 24. dxc5 Nxc5 25. Nxc5 Bb5+ 26. Ke3 Rxd2 27. Kxd2 bxc5 28. Bc4 Rb8 29. Bxb5 Rxb5 30. Kc3 Kd6 31. Rd1+ Kc7 32. Rd2 Rb6 33. Kc4 Rc6 34. e5 Kc8 35. f4 a6 36. Rd3 Rb6 37. b3 Rc6 38. g4 h6 39. h4 Kc7 40. h5 Kc8 41. g5 Kc7 42. g6 fxg6 43. Rg3 gxh5 44. Rxg7+ Kb8 45. Rg6 Rc8 46. Rxh6 Rf8 47. Kxc5 Rxf4 48. b4 Rf5 49. Kb6 Kc8 50. Kc6 Kb8 51. Rxe6 h4 52. Re8+ Ka7 53. e6 Re5 54. Re7+ Kb8 55. Kd6 Rh5 56. Re8+ Kb7 57. e7 Rh6+ 58. Kd5 1-0

[Event "ARG Ch"]
[Site "Argentina"]
[Date "1989.??.??"]
[Round "15"]
[White "Soppe, Guillermo G"]
[Black "Campora, Daniel H"]
[Result "1/2-1/2"]
[WhiteElo "2425"]
[BlackElo "2500"]
[PlyCount "123"]
[EventDate "1989.??.??"]
[Source "www.chesslib.no"]
[SourceDate "2004.05.04"]

1. d4 d5 2. c4 e6 3. Nc3 Nf6 4. Bg5 Be7 5. e3 O-O 6. Rc1 c6 7. Nf3 Nbd7 8. Bd3 dxc4 9. Bxc4 Nd5 10. Bxe7 Qxe7 11. Ne4 N5f6 12. Ng3 e5 13. O-O g6 14. e4 b5 15. Bb3 Bb7 16. dxe5 Nxe5 17. Nxe5 Qxe5 18. f4 Qe7 19. e5 Rfd8 20. Qe1 Nd7 21. Ne4 c5 22. Nd6 Bc6 23. Qg3 c4 24. Bc2 Kh8 25. Rce1 f5 26. Qa3 Nb6 27. Qc5 Be8 28. Rd1 Kg8 29. b3 Rd7 30. bxc4 Rc7 31. Qd4 bxc4 32. Rf3 Bd7 33. Rg3 Be6 34. a4 Qd7 35. h4 Qc6 36. h5 Rg7 37. hxg6 Rxg6 38. Rxg6+ hxg6 39. a5 Nd5 40. Rb1 Qc7 41. a6 Nb6 42. Nb5 Qe7 43. Nxa7 Nd5 44. Nb5 Nb4 45. Qd6 Qxd6 46. exd6 Nxa6 47. Nc7 Nxc7 48. dxc7 Kf7 49. Rb7 Rc8 50. Kf2 Ke7 51. Ra7 Bd5 52. g4 fxg4 53. Bxg6 c3 54. Bc2 Kd6 55. Kg3 Bf3 56. f5 Rxc7 57. Rxc7 Kxc7 58. Kf4 Kd6 59. Bb3 Ke7 60. Bc2 Kd7 61. Ba4+ Ke7 62. Bc2 1/2-1/2

[Event "Lazarevac 28th"]
[Site "Lazarevac"]
[Date "1999.11.07"]
[Round "7"]
[White "Ivanisevic, Ivan"]
[Black "Rajkovic, Dusan"]
[Result "1/2-1/2"]
[WhiteElo "2447"]
[BlackElo "2474"]
[PlyCount "31"]
[EventDate "1999.10.31"]
[Source "ChessBase"]
[SourceDate "2000.01.11"]

1. d4 Nf6 2. c4 e6 3. Nc3 d5 4. Bg5 Be7 5. e3 O-O 6. Rc1 Nbd7 7. Nf3 c6 8. Bd3 dxc4 9. Bxc4 Nd5 10. Bxe7 Qxe7 11. Ne4 N5f6 12. Ng3 Qb4+ 13. Qd2 Qxd2+ 14. Kxd2 Rd8 15. Rhd1 b6 16. e4 1/2-1/2

[Event "RUS-Cup"]
[Site "Moscow"]
[Date "2000.??.??"]
[Round "5"]
[White "Shchekachev, Andrei"]
[Black "Deviatkin, Andrei"]
[Result "1/2-1/2"]
[WhiteElo "2509"]
[BlackElo "2410"]
[PlyCount "123"]
[EventDate "2000.??.??"]
[Source "www.chesslib.no"]
[SourceDate "2004.05.04"]

1. c4 Nf6 2. Nf3 e6 3. Nc3 d5 4. d4 Be7 5. Bg5 Nbd7 6. e3 O-O 7. Rc1 c6 8. Bd3 dxc4 9. Bxc4 Nd5 10. Bxe7 Qxe7 11. Ne4 N5f6 12. Ng3 Qb4+ 13. Qd2 Qxd2+ 14. Kxd2 c5 15. Rhd1 cxd4 16. Nxd4 Ne5 17. Be2 Bd7 18. Ke1 Rfc8 19. h3 Kf8 20. f4 Rxc1 21. Rxc1 Nc6 22. Nb5 Ke7 23. Nc3 Rc8 24. Rd1 Nb4 25. e4 Bc6 26. Bf3 Na6 27. Kf2 Nc5 28. Ke3 Rc7 29. Nge2 Na4 30. e5 Ne8 31. Bxc6 Nxc3 32. Nxc3 Rxc6 33. Rd4 Nc7 34. Kd3 b5 35. a4 a6 36. a5 h5 37. g3 Ke8 38. Rd6 Rc5 39. Rb6 b4 40. Rxb4 Rxa5 41. Rb8+ Kd7 42. Rh8 Ne8 43. Rxh5 Ra1 44. Rh7 a5 45. h4 Rg1 46. Ne4 Rb1 47. Kc2 Re1 48. Nf6+ gxf6 49. Rxf7+ Kc6 50. exf6 e5 51. Rf8 Nd6 52. f7 Nxf7 53. Rxf7 Re2+ 54. Kb1 Rg2 55. Rf6+ Kc5 56. fxe5 Rxg3 57. Rf1 Kd5 58. Rh1 a4 59. h5 a3 60. h6 Rg8 61. h7 Rh8 62. b3 1/2-1/2

[Event "HUN-chT9899"]
[Site "HUN"]
[Date "1998.??.??"]
[Round "?"]
[White "Horvath, Gyula"]
[Black "Almasi, Istvan"]
[Result "1/2-1/2"]
[WhiteElo "2465"]
[BlackElo "2450"]
[PlyCount "31"]
[EventDate "1998.??.??"]
[Source "www.chesslib.no"]
[SourceDate "2004.05.04"]

1. c4 e6 2. d4 d5 3. Nc3 Nf6 4. Bg5 Be7 5. Nf3 O-O 6. e3 Nbd7 7. Rc1 c6 8. Bd3 dxc4 9. Bxc4 Nd5 10. Bxe7 Qxe7 11. Ne4 b6 12. O-O Bb7 13. Ng3 c5 14. Bb5 N5f6 15. dxc5 Nxc5 16. Nd4 1/2-1/2

[Event "Altensteig"]
[Site "Altensteig"]
[Date "1987.??.??"]
[Round "?"]
[White "Gheorghiu, Florin"]
[Black "Westerinen, Heikki MJ"]
[Result "1-0"]
[WhiteElo "2540"]
[BlackElo "2375"]
[PlyCount "81"]
[EventDate "1987.06.??"]
[Source "ChessBase"]

1. d4 d5 2. c4 e6 3. Nf3 Nf6 4. Nc3 Be7 5. Bg5 O-O 6. e3 c6 7. Rc1 Nbd7 8. Bd3 dxc4 9. Bxc4 Nd5 10. Bxe7 Qxe7 11. Ne4 Qb4+ 12. Qd2 Qxd2+ 13. Kxd2 Rd8 14. Bb3 N5f6 15. Nxf6+ Nxf6 16. Ke2 Bd7 17. Ne5 Rac8 18. f3 Be8 19. Rc2 Kf8 20. Rd1 Rc7 21. e4 Re7 22. Ke3 Nd7 23. Nc4 Nc5 24. e5 Nxb3 25. axb3 c5 26. Nd6 cxd4+ 27. Rxd4 Bc6 28. b4 a6 29. Nf5 Rxd4 30. Nxd4 Bd5 31. b5 axb5 32. Nxb5 Bc6 33. Nd6 f6 34. b4 fxe5 35. b5 Bd7 36. Rc7 b6 37. Ke4 g5 38. Kxe5 Kg7 39. Rb7 Kg6 40. Rxb6 h5 41. Rb7 1-0

[Event "Budapest FS06 GM"]
[Site "Budapest"]
[Date "2000.06.15"]
[Round "13"]
[White "Kallio, Heikki"]
[Black "Lukacs, Peter"]
[Result "1/2-1/2"]
[WhiteElo "2452"]
[BlackElo "2460"]
[PlyCount "23"]
[EventDate "2000.06.03"]
[Source "ChessBase"]
[SourceDate "2000.07.11"]

1. d4 d5 2. c4 e6 3. Nf3 Nf6 4. Nc3 Be7 5. Bg5 O-O 6. e3 Nbd7 7. Rc1 c6 8. Bd3 dxc4 9. Bxc4 Nd5 10. Bxe7 Qxe7 11. Ne4 Qb4+ 12. Qd2 1/2-1/2

[Event "Wuppertal"]
[Site "Wuppertal"]
[Date "1986.??.??"]
[Round "?"]
[White "Farago, Ivan"]
[Black "Sehner, Norbert"]
[Result "0-1"]
[WhiteElo "2520"]
[BlackElo "2390"]
[PlyCount "100"]
[EventDate "1986.10.??"]
[Source "ChessBase"]

1. d4 d5 2. c4 e6 3. Nc3 Nf6 4. Nf3 Be7 5. Bg5 O-O 6. e3 Nbd7 7. Rc1 c6 8. Bd3 dxc4 9. Bxc4 Nd5 10. Bxe7 Qxe7 11. O-O Rd8 12. Bb3 Nxc3 13. Rxc3 c5 14. Qe2 b6 15. Ba4 Bb7 16. Rfc1 cxd4 17. Rc7 d3 18. Qxd3 Bxf3 19. Bxd7 Bd5 20. Ba4 Qh4 21. Qc2 Be4 22. Qc4 Qg4 23. f3 Bxf3 24. Qxg4 Bxg4 25. Bc6 Rac8 26. Rxa7 e5 27. b4 Rd2 28. a4 Be6 29. Ra8 Rxa8 30. Bxa8 Ra2 31. Bc6 Kf8 32. Rb1 Ke7 33. a5 Kd6 34. Bf3 bxa5 35. b5 Bf5 36. Rc1 Rb2 37. Rc6+ Kd7 38. Ra6 e4 39. Ra7+ Ke6 40. g4 exf3 41. gxf5+ Kf6 42. Rxa5 Kxf5 43. Ra7 Kg6 44. Ra5 Rg2+ 45. Kf1 Rxh2 46. Ra4 Rb2 47. Rg4+ Kf6 48. Rf4+ Ke6 49. Re4+ Kd6 50. Rd4+ Ke5 0-1

[Event "Montpellier"]
[Site "Montpellier FRA"]
[Date "1988.??.??"]
[Round "13"]
[White "Vaisman, Volodia"]
[Black "Simic, Radoslav"]
[Result "1/2-1/2"]
[WhiteElo "2395"]
[BlackElo "2515"]
[PlyCount "26"]
[EventDate "1988.03.??"]
[Source "www.chesslib.no"]
[SourceDate "2004.05.04"]

1. d4 d5 2. Nf3 e6 3. c4 Nf6 4. Nc3 Be7 5. Bg5 O-O 6. e3 Nbd7 7. Rc1 c6 8. Bd3 dxc4 9. Bxc4 Nd5 10. Bxe7 Qxe7 11. Ne4 N5f6 12. Ng3 b6 13. O-O Bb7 1/2-1/2

[Event "Dos Hermanas-B"]
[Site "Dos Hermanas"]
[Date "2001.04.19"]
[Round "1"]
[White "Cifuentes Parada, Roberto"]
[Black "Vega Holm, Fernando"]
[Result "1-0"]
[WhiteElo "2496"]
[BlackElo "2408"]
[PlyCount "79"]
[EventDate "2001.04.19"]
[Source "ChessBase"]
[SourceDate "2001.07.05"]

1. d4 d5 2. c4 e6 3. Nc3 Nf6 4. Bg5 Be7 5. e3 O-O 6. Rc1 c6 7. Nf3 Nbd7 8. Bd3 dxc4 9. Bxc4 Nd5 10. Bxe7 Qxe7 11. Ne4 b6 12. O-O Bb7 13. Ne5 Rfd8 14. Qe2 Rac8 15. f4 f6 16. Nd3 Nf8 17. Nd2 Nc7 18. Rc2 Kh8 19. Rfc1 Qd7 20. a4 c5 21. dxc5 Qxa4 22. c6 Qxc6 23. Ba6 Qd5 24. Nb4 Bxa6 25. Nxa6 Nxa6 26. Rxc8 Nc5 27. Rxd8 Qxd8 28. b4 Nd3 29. Rc4 e5 30. fxe5 Nxe5 31. Rd4 Qc7 32. Nf3 Nfg6 33. Qc2 Nxf3+ 34. gxf3 Qe7 35. Qe4 Qf8 36. f4 a5 37. b5 Qf7 38. Rd7 Qf8 39. Qd4 Qa3 40. Qc3 1-0

[Event "URS-ch U26"]
[Site "Jurmala"]
[Date "1983.??.??"]
[Round "?"]
[White "Shneider, Aleksandr"]
[Black "Kharitonov, Andrei Y"]
[Result "1/2-1/2"]
[WhiteElo "2460"]
[BlackElo "2440"]
[PlyCount "60"]
[EventDate "1983.??.??"]
[Source "ChessBase"]

1. d4 Nf6 2. c4 e6 3. Nf3 d5 4. Nc3 Be7 5. Bg5 O-O 6. e3 Nbd7 7. Rc1 c6 8. Bd3 dxc4 9. Bxc4 Nd5 10. Bxe7 Qxe7 11. Ne4 N5f6 12. Ng3 c5 13. O-O Rd8 14. Qe2 cxd4 15. Nxd4 Nb6 16. Bb3 Bd7 17. Rc7 Rab8 18. Rfc1 Nbd5 19. R7c2 Nb4 20. Rc5 Nc6 21. Nf3 Rbc8 22. h3 Ne5 23. Rxc8 Nxf3+ 24. Qxf3 Rxc8 25. Rxc8+ Bxc8 26. Ne4 Nxe4 27. Qxe4 Qc7 28. Qc2 Qxc2 29. Bxc2 Kf8 30. Kf1 h6 1/2-1/2

[Event "Vrnjacka Banja"]
[Site "Vrnjacka Banja YUG"]
[Date "1987.??.??"]
[Round "7"]
[White "Lechtynsky, Jiri"]
[Black "Rajkovic, Dusan"]
[Result "1/2-1/2"]
[WhiteElo "2445"]
[BlackElo "2450"]
[PlyCount "29"]
[EventDate "1987.04.??"]
[Source "www.chesslib.no"]
[SourceDate "2004.05.04"]

1. c4 e6 2. Nf3 d5 3. d4 Nf6 4. Nc3 Be7 5. Bg5 O-O 6. e3 Nbd7 7. Rc1 c6 8. Bd3 dxc4 9. Bxc4 Nd5 10. Bxe7 Qxe7 11. Ne4 Qb4+ 12. Qd2 Qxd2+ 13. Kxd2 N5f6 14. Nxf6+ Nxf6 15. Rhd1 1/2-1/2

[Event "Clarin Open"]
[Site "La Carlota"]
[Date "1995.??.??"]
[Round "2"]
[White "Garcia Palermo, Carlos H"]
[Black "Emma, Jaime"]
[Result "1-0"]
[WhiteElo "2490"]
[BlackElo "2405"]
[PlyCount "92"]
[EventDate "1995.??.??"]
[Source "www.chesslib.no"]
[SourceDate "2004.05.04"]

1. d4 Nf6 2. c4 e6 3. Nc3 d5 4. Bg5 Be7 5. e3 O-O 6. Nf3 Nbd7 7. Rc1 c6 8. Bd3 dxc4 9. Bxc4 Nd5 10. Bxe7 Qxe7 11. Ne4 N5f6 12. Nxf6+ Qxf6 13. O-O e5 14. Bb3 exd4 15. Qxd4 Qxd4 16. Nxd4 Nf6 17. f3 Re8 18. e4 Kf8 19. Rfd1 h5 20. Kf2 g6 21. h4 Bd7 22. Ne2 Be6 23. Bxe6 Rxe6 24. Rd3 Rae8 25. Ra3 a6 26. Rb3 R8e7 27. Nf4 Re5 28. a4 Rc7 29. Nd3 Ree7 30. Nc5 a5 31. Rd1 Kg7 32. Rd4 Nd7 33. Nxb7 c5 34. Rd2 c4 35. Rb5 Ne5 36. Nc5 f5 37. Kg3 Rc6 38. Rd5 Rf6 39. f4 Ng4 40. e5 Rc6 41. Kf3 Kf7 42. Rxa5 Rec7 43. Rb5 Nh6 44. a5 Ng8 45. Na4 Ke6 46. Rd4 Ne7 1-0

[Event "Capablanca mem-B"]
[Site "Cienfuegos"]
[Date "1983.??.??"]
[Round "?"]
[White "Garcia Martinez, Silvino"]
[Black "Garcia Palermo, Carlos"]
[Result "1/2-1/2"]
[WhiteElo "2435"]
[BlackElo "2455"]
[PlyCount "30"]
[EventDate "1983.05.??"]
[Source "ChessBase"]

1. d4 d5 2. c4 e6 3. Nc3 Nf6 4. Bg5 Be7 5. Nf3 O-O 6. Rc1 Nbd7 7. e3 c6 8. Bd3 dxc4 9. Bxc4 Nd5 10. Bxe7 Qxe7 11. Bxd5 exd5 12. O-O Nf6 13. Ne5 Nd7 14. Nf3 Nf6 15. Ne5 Nd7 1/2-1/2

[Event "Capablanca mem Premier I"]
[Site "Havana"]
[Date "1999.05.10"]
[Round "4"]
[White "Podgaets, Mikhail"]
[Black "Otero, Diasmany"]
[Result "1-0"]
[WhiteElo "2484"]
[BlackElo "2403"]
[PlyCount "59"]
[EventDate "1999.05.??"]
[Source "ChessBase"]
[SourceDate "1999.07.10"]

1. d4 Nf6 2. c4 e6 3. Nf3 d5 4. Nc3 Be7 5. Bg5 Nbd7 6. e3 O-O 7. Rc1 c6 8. Bd3 dxc4 9. Bxc4 Nd5 10. Bxe7 Qxe7 11. O-O Nxc3 12. Rxc3 b6 13. Bd3 c5 14. Qc2 h6 15. Bh7+ Kh8 16. Be4 Rb8 17. Rc1 f5 18. Bc6 Bb7 19. Bxb7 Rxb7 20. b4 cxd4 21. Nxd4 Ne5 22. Rc8 Re8 23. Qb3 Kh7 24. Rxe8 Qxe8 25. Nxe6 Rd7 26. Nd4 Qg6 27. Rc8 Rf7 28. h3 h5 29. Qd5 Nd7 30. Rc7 1-0

[Event "Bohemians"]
[Site "Prague CZE"]
[Date "1987.??.??"]
[Round "?"]
[White "Pekarek, Ales"]
[Black "Mozny, Milos"]
[Result "1-0"]
[WhiteElo "2480"]
[BlackElo "2405"]
[PlyCount "85"]
[EventDate "1987.01.??"]
[Source "www.chesslib.no"]
[SourceDate "2004.05.04"]

1. d4 d5 2. Nf3 Nf6 3. c4 e6 4. Nc3 Be7 5. Bg5 O-O 6. e3 Nbd7 7. Rc1 c6 8. Bd3 dxc4 9. Bxc4 Nd5 10. h4 Nxc3 11. bxc3 c5 12. Qc2 Re8 13. Bd3 Nf8 14. O-O Bd7 15. Rb1 cxd4 16. cxd4 Rc8 17. Qe2 Bc6 18. Bxe7 Rxe7 19. Ne5 Be8 20. Be4 b5 21. h5 f6 22. Nd3 a5 23. Rfc1 b4 24. Rxc8 Qxc8 25. Nc5 e5 26. Qf3 exd4 27. exd4 h6 28. Rc1 Bf7 29. Bd5 Kh8 30. Bxf7 Rxf7 31. Re1 Qd8 32. Qe4 f5 33. Qe8 Qxe8 34. Rxe8 Kh7 35. Ra8 g6 36. Rxa5 gxh5 37. Ra4 Kg6 38. Rxb4 Ra7 39. a4 Kg5 40. Rb5 Ng6 41. a5 Ra8 42. a6 Ne7 43. Ne6+ 1-0

[Event "Capablanca mem Premier I"]
[Site "Havana"]
[Date "2002.05.06"]
[Round "10"]
[White "Borges Mateos, Juan"]
[Black "Gonzalez, Yuri"]
[Result "1/2-1/2"]
[WhiteElo "2438"]
[BlackElo "2444"]
[PlyCount "22"]
[EventDate "2002.05.06"]
[Source "ChessBase"]
[SourceDate "2002.07.08"]

1. d4 Nf6 2. Nf3 d5 3. c4 e6 4. Nc3 Be7 5. Bg5 O-O 6. e3 Nbd7 7. Rc1 c6 8. Bd3 dxc4 9. Bxc4 Nd5 10. Bxe7 Qxe7 11. Ne4 N5f6 1/2-1/2

[Event "Odzaci"]
[Site "?"]
[Date "1978.??.??"]
[Round "15.3"]
[White "Lengyel Levente"]
[Black "Raicevic Vladimir"]
[Result "1/2-1/2"]
[WhiteElo "2430"]
[BlackElo "2450"]
[PlyCount "24"]
[EventDate "1978.??.??"]
[Source "www.chesslib.no"]
[SourceDate "2004.05.04"]

1. d4 Nf6 2. c4 e6 3. Nc3 d5 4. Bg5 Be7 5. e3 O-O 6. Nf3 Nbd7 7. Rc1 c6 8. Bd3 dxc4 9. Bxc4 Nd5 10. Bxe7 Qxe7 11. Ne4 b6 12. O-O Bb7 1/2-1/2

[Event "Guillermo Garcia Torre"]
[Site "Santa Clara"]
[Date "2002.05.30"]
[Round "11"]
[White "Vazquez, Renier"]
[Black "Vassallo, Mauricio"]
[Result "1/2-1/2"]
[WhiteElo "2442"]
[BlackElo "2438"]
[PlyCount "22"]
[EventDate "2002.05.04"]
[Source "ChessBase"]
[SourceDate "2002.07.08"]

1. Nf3 d5 2. d4 c6 3. c4 Nf6 4. Nc3 e6 5. Bg5 Nbd7 6. e3 Be7 7. Rc1 O-O 8. Bd3 dxc4 9. Bxc4 Nd5 10. Bxe7 Qxe7 11. Ne4 N7f6 1/2-1/2

[Event "UKR Ch"]
[Site "Lvov UKR"]
[Date "1988.??.??"]
[Round "11"]
[White "Kruppa, Yuri"]
[Black "Neverov, Valeriy"]
[Result "1/2-1/2"]
[WhiteElo "2435"]
[BlackElo "2440"]
[PlyCount "36"]
[EventDate "1988.??.??"]
[Source "www.chesslib.no"]
[SourceDate "2004.05.04"]

1. d4 d5 2. c4 e6 3. Nc3 Nf6 4. Nf3 Be7 5. Bg5 O-O 6. e3 Nbd7 7. Rc1 c6 8. Bd3 dxc4 9. Bxc4 Nd5 10. Bxe7 Qxe7 11. O-O Nxc3 12. Rxc3 b6 13. Qe2 Bb7 14. Ba6 Bxa6 15. Qxa6 c5 16. Rfc1 Nf6 17. dxc5 Ne4 18. R3c2 Nxc5 1/2-1/2

[Event "Bohemians"]
[Site "Prague CZE"]
[Date "1987.??.??"]
[Round "?"]
[White "Schmidt, Wlodzimierz"]
[Black "Mozny, Milos"]
[Result "1/2-1/2"]
[WhiteElo "2470"]
[BlackElo "2405"]
[PlyCount "51"]
[EventDate "1987.01.??"]
[Source "www.chesslib.no"]
[SourceDate "2004.05.04"]

1. d4 d5 2. Nf3 Nf6 3. c4 e6 4. Nc3 Be7 5. Bg5 O-O 6. e3 Nbd7 7. Rc1 c6 8. Bd3 dxc4 9. Bxc4 Nd5 10. Bxe7 Qxe7 11. Ne4 N5f6 12. Nxf6+ Qxf6 13. O-O b6 14. Qe2 c5 15. d5 exd5 16. Bxd5 Rb8 17. Rfd1 Bb7 18. Qb5 Ne5 19. Bxb7 Rxb7 20. Nxe5 Qxe5 21. Rd2 Qe6 22. b3 Rc7 23. Rcd1 c4 24. Rd8 g6 25. Qg5 Rc8 26. Rxc8 1/2-1/2

[Event "HUN Team Ch"]
[Site "HUN"]
[Date "1992.??.??"]
[Round "1"]
[White "Lengyel, Levente"]
[Black "Groszpeter, Attila"]
[Result "1/2-1/2"]
[WhiteElo "2375"]
[BlackElo "2495"]
[PlyCount "30"]
[EventDate "1992.??.??"]
[Source "www.chesslib.no"]
[SourceDate "2004.05.04"]

1. d4 Nf6 2. c4 e6 3. Nf3 d5 4. Nc3 Be7 5. Bg5 O-O 6. e3 Nbd7 7. Rc1 c6 8. Bd3 dxc4 9. Bxc4 Nd5 10. Bxe7 Qxe7 11. Ne4 N5f6 12. Nxf6+ Nxf6 13. O-O b6 14. Qe2 Bb7 15. Rfd1 Rac8 1/2-1/2

[Event "Moscow-ch"]
[Site "Moscow"]
[Date "2000.??.??"]
[Round "4"]
[White "Ulko, Jaroslav"]
[Black "Deviatkin, Andrei"]
[Result "1/2-1/2"]
[WhiteElo "2459"]
[BlackElo "2410"]
[PlyCount "112"]
[EventDate "2000.05.??"]
[Source "www.chesslib.no"]
[SourceDate "2004.05.04"]

1. d4 d5 2. c4 e6 3. Nf3 Nf6 4. Nc3 Be7 5. Bg5 Nbd7 6. e3 O-O 7. Rc1 c6 8. Bd3 dxc4 9. Bxc4 Nd5 10. Bxe7 Qxe7 11. Ne4 Qb4+ 12. Qd2 Qxd2+ 13. Kxd2 N5f6 14. Nxf6+ Nxf6 15. Rhd1 Rd8 16. Ke1 Bd7 17. Ne5 Be8 18. Be2 Rac8 19. a3 Rc7 20. Bf3 Nd5 21. Rd2 Kf8 22. g3 Ke7 23. h4 Rdc8 24. Nd3 Nb6 25. b4 f6 26. Bd1 Nd7 27. e4 Bg6 28. f3 a5 29. bxa5 Ra8 30. Nf4 Bf7 31. d5 exd5 32. Nxd5+ Bxd5 33. exd5 Rcc8 34. f4 cxd5 35. Rxc8 Rxc8 36. Rxd5 Rc3 37. Kd2 Rxa3 38. Bg4 Nb8 39. Rb5 Nc6 40. Rxb7+ Kf8 41. Be6 Nd8 42. Rb8 Ke7 43. Bg8 Rxa5 44. Bxh7 g5 45. fxg5 fxg5 46. h5 Rd5+ 47. Ke3 Re5+ 48. Kf3 Nc6 49. Rb7+ Kf6 50. Bb1 Rb5 51. Rxb5 Nd4+ 52. Kg4 Nxb5 53. h6 Nc3 54. h7 Kg7 55. Bd3 Nd1 56. Kxg5 Nf2 1/2-1/2

[Event "TSGM, Belgrade YUG"]
[Site "?"]
[Date "2001.??.??"]
[Round "2"]
[White "Arsovic, G."]
[Black "Sahovic, D."]
[Result "1-0"]
[WhiteElo "2415"]
[BlackElo "2445"]
[PlyCount "86"]
[EventDate "2001.??.??"]
[Source "www.chesslib.no"]
[SourceDate "2004.05.04"]

1. Nf3 d5 2. d4 e6 3. c4 Nf6 4. Nc3 Be7 5. Bg5 O-O 6. e3 Nbd7 7. Rc1 c6 8. Bd3 dxc4 9. Bxc4 Nd5 10. Bxe7 Qxe7 11. Ne4 N5f6 12. Nxf6+ Qxf6 13. O-O e5 14. Bb3 e4 15. Nd2 Qe7 16. Qc2 Nf6 17. Qc5 Qd8 18. Bc2 Re8 19. Nc4 Be6 20. Nd6 Re7 21. Nxe4 Nxe4 22. Bxe4 Bxa2 23. Qc2 g6 24. b3 Qb6 25. Bxg6 Qxb3 26. Bxh7+ Kg7 27. Qf5 Qe6 28. Qd3 Rh8 29. Bf5 Qd6 30. f4 b5 31. Rf3 Bd5 32. Rg3+ Kf8 33. Rc5 a5 34. e4 Bc4 35. Qe3 a4 36. e5 Qc7 37. Be4 Re6 38. f5 Reh6 39. Qg5 Rxh2 40. Qg7+ Ke7 41. Qf6+ Kf8 42. Qg7+ Ke7 43. Rh3 R8xh3 1-0

[Event "Bohemians"]
[Site "Prague CZE"]
[Date "1987.??.??"]
[Round "?"]
[White "Schmidt, Wlodzimierz"]
[Black "Modr, Bretislav"]
[Result "1/2-1/2"]
[WhiteElo "2470"]
[BlackElo "2385"]
[PlyCount "106"]
[EventDate "1987.01.??"]
[Source "www.chesslib.no"]
[SourceDate "2004.05.04"]

1. d4 Nf6 2. c4 e6 3. Nc3 d5 4. Nf3 Be7 5. Bg5 O-O 6. e3 Nbd7 7. Rc1 c6 8. Bd3 dxc4 9. Bxc4 Nd5 10. Bxe7 Qxe7 11. Ne4 N5f6 12. Nxf6+ Qxf6 13. O-O b6 14. Qe2 Bb7 15. Ba6 Bxa6 16. Qxa6 c5 17. b4 Qe7 18. bxc5 bxc5 19. dxc5 Nxc5 20. Qa3 Rfc8 21. Rc4 Rc7 22. Rfc1 Nb7 23. Qxe7 Rxe7 24. Kf1 Nd6 25. Rc6 Ne4 26. Rc8+ Re8 27. R8c7 Kf8 28. Ke2 Red8 29. R1c2 Rd5 30. Nd4 Nf6 31. Nc6 a5 32. a4 Ne8 33. Rb7 Nd6 34. Rbb2 Ke8 35. f3 f5 36. Nd4 Kd7 37. f4 e5 38. Nc6 exf4 39. exf4 Ke6 40. g3 g6 41. Ne5 Rd4 42. Rb6 Rb4 43. Rbc6 Rd4 44. Nf3 Re4+ 45. Kd3 Rxa4 46. Ng5+ Kd7 47. Rc7+ Ke8 48. R2c5 Ne4 49. Re5+ Kf8 50. Nxe4 Rxe4 51. Rxe4 fxe4+ 52. Kxe4 Kg8 53. Rc3 Kg7 1/2-1/2

[Event "Jarvenpaa"]
[Site "Jarvenpaa"]
[Date "1982.??.??"]
[Round "8"]
[White "Ogaard, Leif"]
[Black "Hurme, Harri M"]
[Result "1-0"]
[WhiteElo "2510"]
[BlackElo "2345"]
[PlyCount "123"]
[EventDate "1982.07.??"]
[Source "ChessBase"]

1. c4 e6 2. Nc3 d5 3. d4 Nf6 4. Bg5 Be7 5. Nf3 O-O 6. Rc1 c6 7. e3 Nbd7 8. Bd3 dxc4 9. Bxc4 Nd5 10. Bxe7 Qxe7 11. Ne4 N5f6 12. Ng3 Qb4+ 13. Qd2 Qxd2+ 14. Kxd2 b6 15. e4 Rd8 16. e5 Ne8 17. Ke3 Bb7 18. Rhd1 c5 19. d5 Nc7 20. d6 Nd5+ 21. Bxd5 Bxd5 22. Rxd5 exd5 23. Rd1 d4+ 24. Ke4 a5 25. Nf5 a4 26. Kd5 a3 27. b3 Re8 28. Ne7+ Kf8 29. Nc6 Re6 30. Ng5 Rg6 31. f4 h6 32. Ne4 Rxg2 33. f5 Rxh2 34. e6 fxe6+ 35. fxe6 Rh5+ 36. Kc4 Ne5+ 37. Kb5 Nxc6 38. Rf1+ Ke8 39. Kxc6 Re5 40. d7+ Ke7 41. Nd6 Rh8 42. Kc7 Rd5 43. Nc8+ Kxe6 44. Re1+ Kf6 45. Nd6 g5 46. Kc6 Rd8 47. Kxd5 Rxd7 48. Re6+ Kg7 49. Kc6 Rd8 50. Nf5+ Kf7 51. Rxh6 g4 52. Nd6+ Kg7 53. Rh4 Kf6 54. Rxg4 Ke5 55. Re4+ Kf6 56. Re2 Rg8 57. Kxb6 d3 58. Rd2 Ke5 59. Kxc5 Rg3 60. Nc4+ Ke4 61. Nxa3 Rg5+ 62. Kc4 1-0